Schnellste Route #2 - Statistiken

Allgemein
  • Dieses Quiz wurde 53 mal gespielt
  • Das Durchschnittsergebnis liegt bei 16 aus 22
Antworten auf der Karte
Die Antworten werden auf der Karte rot bzw. grün angezeigt, abhängig davon wie oft sie richtig erraten wurden.
 
Antwortstatistiken
Antwort % Korrekt
Guinea
100%
Mali
89%
Niger
84%
Nigeria
77%
Äquatorialguinea
75%
Kamerun
75%
Gabun
73%
Irak
73%
Republik Kongo
73%
Iran
70%
Zentralafrikanische Republik
70%
Ägypten
68%
Jordanien
68%
Pakistan
68%
Sudan
68%
Israel
66%
Indien
64%
Indonesien
64%
Malaysia
61%
Papua-Neuguinea
61%
Thailand
61%
Myanmar
59%
Keine übereinstimmenden Quizze gefunden
Verteilung der Resultate
Anzahl Personen mit jedem Resultat
Perzentil nach korrekt beantworteten Fragen
Ihre Resultats-Entwicklung
Sie haben dieses Quiz noch nicht gespielt